| 000 | 00731cam a2200181 4500 | ||
|---|---|---|---|
| 001 | WS106778 | ||
| 008 | 000000n 000 0 eng u | ||
| 035 | _a(Sirsi) u106778 | ||
| 110 |
_aNatural Environment Research Council _91024 |
||
| 245 | _aNatural Environment Research Council | ||
| 520 | _aWeb site for this research council which specialises in research, survey. monitoring and training in the environmental sciences. Includes links to the catalogues of the NERC Data Centres. | ||
| 650 | _aRESEARCH | ||
| 650 | _aSUSTAINABLE DEVELOPMENT | ||
| 650 | _aBIODIVERSITY | ||
| 690 | _aENVIRONMENTAL AND LAND CONSULTANCY | ||
| 856 | 4 | 0 |
_uhttps://www.nerc.ac.uk _zView the website free of charge at www.nerc.ac.uk... |
| 942 | _n0 | ||
| 999 |
_c119515 _d119515 |
||